| 000 | 00767 a2200181 4500 | ||
|---|---|---|---|
| 003 | Nust | ||
| 005 | 20170207154602.0 | ||
| 020 | _a0072899050 | ||
| 040 | _cNust | ||
| 082 | _a511 ROS | ||
| 245 |
_aDiscrete mathematics and its applications _cRosen,Kenneth H |
||
| 250 | _a4th | ||
| 260 |
_aBoston _bMcGraw-Hill _c2000 |
||
| 300 | _a1-18,xviii,678p | ||
| 505 | _a1.The foundations:logic,sets,and functions 1(page 1)2.The fundamentals,algorithms,the integers and matrices(page 99)3.Mathematical reasoning(page 167)4.Counting(page 232)5.Advanced counting techniques(page 308)6.Relations(page 374)7.Graphs(page 438)8.Trees (page 528)9.Boolean ,algebra(page 593)10.Modelling computation(page 629)Appendixes | ||
| 538 | _aAlmirah no 11 and shelf no 5 | ||
| 650 | _aMathematics | ||
| 942 |
_2ddc _cBK |
||
| 999 |
_c198660 _d198660 |
||